Reaching the unreached in teaching learning and research/ (Record no. 189349)

MARC details
000 -LEADER
fixed length control field 00598nam a22001697a 4500
005 - DATE AND TIME OF LATEST TRANSACTION
control field 20220629111120.0
010 ## - LCCN (DPL NO)
LC control number ENG-133372
020 ## - INTERNATIONAL STANDARD BOOK NUMBER
International Standard Book Number 9789389146530
Terms of availability 250.00
035 ## - SYSTEM CONTROL NUMBER
System control number EN-116904
037 ## - SOURCE OF ACQUISITION
Source of stock number/acquisition DBAD/PUB
082 ## - DEWEY DECIMAL CLASSIFICATION NUMBER
Classification number 378.125
245 ## - TITLE STATEMENT
Title Reaching the unreached in teaching learning and research/
260 ## - PUBLICATION, DISTRIBUTION, ETC. (IMPRINT)
Place of publication, distribution, etc Tamil nadu
Name of publisher, distributor, etc Shanlax publications
Date of publication, distribution, etc 2019
270 ## - ADDRESS
City Tamil nadu
Address 61,66 T.P.K Main road , Varsantha nagar , Madurai
Postal code 625003
Electronic mail address @shanlaxpublications.com
Telephone number 7639303383 ,04524208765
300 ## - PHYSICAL DESCRIPTION
Extent 155,p
Dimensions 22cm(pbk)
Other physical details References
942 ## - ADDED ENTRY ELEMENTS (KOHA)
Source of classification or shelving scheme Dewey Decimal Classification
Item type English Books
Classification part 378.125
Call number suffix REA
Holdings
Withdrawn status Lost status Not for loan Collection code Home library Current library Date acquired Source of acquisition Cost, normal purchase price Full call number Barcode Copy number Cost, replacement price Koha item type
      Non-fiction Ashok Vihar Ashok Vihar 24/06/2022 DBAD/PUB 250.00 378.125 REA EN-116904 1 250.00 English Books

© Delhi Public Library
Hit Counter
free hit counter